Quel est le nom de ces footballeurs français (difficile) - Statistiques

Statistiques générales
  • Ce quiz a été pris 345 fois
  • Le résultat moyen est 8 sur 20
Statistiques - réponses
Par images Réponse % Correct
Francis Coquelin
84%
Enzo Le Fée
83%
Robin Le Normand
79%
Thomas Mangani
53%
Jonas Martin
52%
Nicolas Cozza
49%
Jean-Ricner Bellegarde
44%
Romain Perraud
43%
Jean-Christophe Bahebeck
39%
Marc Planus
32%
Franck Tabanou
31%
Jonathan Schmid
31%
Yann Karamoh
30%
Hervin Ongenda
29%
Lys Mousset
25%
William Vainqueur
19%
Cyril Théréau
18%
Kevin Berigaud
13%
Simon Banza
11%
Enzo Loiodice
8%
Aucun quiz correspondant
Distribution des résultats
% des personnes avec chaque résultat
Percentile par nombre de réponses
Votre historique - résultats
Vous n’avez pas pris ce quiz